[Event "Kingston op"]
[Site "Kingston CAN"]
[Date "1999.02.14"]
[Round "5"]
[White "Cote, Jacques"]
[Black "Dutton, Warren"]
[Result "1/2-1/2"]
[WhiteElo "2155"]
[BlackElo "2063"]
[PlyCount "147"]
[GameId "2160767911805648"]
[EventDate "1999.02.13"]
[EventType "swiss"]
[EventRounds "5"]
[EventCountry "CAN"]
[SourceTitle "CFC 2001.04"]
[Source "CFC"]
[SourceDate "2001.04.??"]
[SourceVersionDate "2001.04.??"]
[SourceQuality "1"]

1. e4 e5 2. f4 d5 3. exd5 e4 4. Nc3 f5 5. Bb5+ Bd7 6. Qe2 Nf6 7. Nh3 Bc5 8. Ng5 Qe7 9. Ne6 Bb6 10. Qc4 c6 11. Ba4 Kf7 12. Ng5+ Kg6 13. d6 Qf8 14. Bb3 Be8 15. Qe6 h6 16. g4 fxg4 17. Ngxe4 Bd7 18. Qe5 Na6 19. Rf1 Re8 20. f5+ Kh7 21. Be6 Qf7 22. Bxf7 Rxe5 23. Bg6+ Kg8 24. d3 Nxe4 25. Nxe4 Nb4 26. Kd1 Nd5 27. c4 Ne3+ 28. Bxe3 Bxe3 29. b4 Bd4 30. Rb1 Be8 31. Rf4 h5 32. d7 Bxd7 33. Nd6 c5 34. Nf7 Ba4+ 35. Rb3 Bxb3+ 36. axb3 Re3 37. Kd2 Re7 38. Rxd4 cxd4 39. Nxh8 Kxh8 40. Bxh5 g3 41. hxg3 Re3 42. g4 Rg3 43. c5 Rg2+ 44. Kc1 Re2 45. b5 Re5 46. b4 a5 47. bxa6 bxa6 48. c6 Re7 49. g5 Rc7 50. Bf3 Kg8 51. Kb2 Kf8 52. Kb3 Ke7 53. Kc4 Kd6 54. Kxd4 Re7 55. Be4 Rf7 56. Ke3 Rf8 57. Kd4 Rf7 58. Kc4 Ra7 59. Bd5 Re7 60. f6 gxf6 61. gxf6 Re1 62. f7 Rc1+ 63. Kd4 Rf1 64. Kc4 Rf4+ 65. d4 Rf1 66. Be4 Rxf7 67. d5 Rf4 68. Kd4 Rf2 69. Bd3 Rg2 70. Kc3 Ra2 71. Kb3 Ra1 72. Kb2 Ra4 73. Kb3 Ra1 74. Kb2 1/2-1/2

[Event "Kitchener Winter op"]
[Site "Kitchener CAN"]
[Date "1999.02.19"]
[Round "1"]
[White "Mitrovic, Bojana"]
[Black "Cohen, David"]
[Result "1/2-1/2"]
[WhiteElo "1703"]
[BlackElo "2043"]
[PlyCount "46"]
[GameId "2160767911805625"]
[EventDate "1999.02.19"]
[EventType "swiss"]
[EventRounds "5"]
[EventCountry "CAN"]

1. d4 d5 2. g3 Bf5 3. Bg2 c6 4. Nf3 e6 5. O-O Nf6 6. c4 Be7 7. Nc3 O-O 8. b3 Nbd7 9. Nd2 Re8 10. e4 dxe4 11. Ndxe4 Nxe4 12. Nxe4 Nf6 13. Re1 Qd7 14. Bb2 Rad8 15. Qd2 Nxe4 16. Bxe4 Bxe4 17. Rxe4 Bf6 18. Rd1 c5 19. d5 Bxb2 20. Qxb2 exd5 21. Rxe8+ Qxe8 22. cxd5 b6 23. Qd2 Rd6 1/2-1/2

[Event "Kitchener Winter op"]
[Site "Kitchener CAN"]
[Date "1999.02.20"]
[Round "2"]
[White "Cohen, David"]
[Black "Morrell, Gordon"]
[Result "0-1"]
[WhiteElo "2043"]
[BlackElo "2226"]
[PlyCount "66"]
[GameId "2160767911805626"]
[EventDate "1999.02.19"]
[EventType "swiss"]
[EventRounds "5"]
[EventCountry "CAN"]

1. d4 Nf6 2. c4 c5 3. d5 b5 4. g3 d6 5. Bg2 g6 6. Nf3 Bg7 7. O-O O-O 8. cxb5 a6 9. bxa6 Bxa6 10. Nc3 Nbd7 11. Qc2 Qa5 12. Rd1 Nb6 13. e4 Nfd7 14. Bg5 Rfe8 15. Re1 Nc4 16. Bd2 Reb8 17. Rab1 Nde5 18. Nxe5 Nxe5 19. Re3 Nc4 20. Ree1 Nxd2 21. Qxd2 Rxb2 22. Qxb2 Bxc3 23. Qc1 Bxe1 24. Qxe1 Qxe1+ 25. Rxe1 Bc4 26. e5 Rxa2 27. f4 Rd2 28. exd6 exd6 29. Re8+ Kg7 30. Rd8 Bxd5 31. Rxd6 Rxg2+ 32. Kf1 Rd2 33. Ke1 Rd4 0-1

[Event "Kitchener Winter op"]
[Site "Kitchener CAN"]
[Date "1999.02.20"]
[Round "3"]
[White "Cohen, David"]
[Black "Rabethge, Brad"]
[Result "1/2-1/2"]
[WhiteElo "2043"]
[BlackElo "1886"]
[PlyCount "78"]
[GameId "2160767911805627"]
[EventDate "1999.02.19"]
[EventType "swiss"]
[EventRounds "5"]
[EventCountry "CAN"]

1. d4 g6 2. e4 Bg7 3. c4 d6 4. Nc3 Nf6 5. Nf3 O-O 6. Bd3 e5 7. d5 Nbd7 8. O-O Nc5 9. Bg5 h6 10. Be3 Nxd3 11. Qxd3 Ng4 12. Bd2 f5 13. h3 Nf6 14. Be3 f4 15. Bd2 g5 16. Nh2 h5 17. f3 Kf7 18. Ne2 Rh8 19. Rac1 g4 20. hxg4 hxg4 21. fxg4 Bxg4 22. Nxg4 Nxg4 23. Nxf4 exf4 24. Rxf4+ Nf6 25. Rcf1 Rh6 26. Rf5 Rg6 27. e5 dxe5 28. Rxe5 Qd6 29. Bc3 Rh8 30. b4 Rgh6 31. Rf3 Kg8 32. c5 Rh1+ 33. Kf2 Ng4+ 34. Ke2 Qxe5+ 35. Bxe5 Nxe5 36. Qb3 Nxf3 37. d6+ Kh7 38. Qd3+ Kh6 39. Qxf3 cxd6 1/2-1/2

[Event "Kitchener Winter op"]
[Site "Kitchener CAN"]
[Date "1999.02.20"]
[Round "3"]
[White "Schleifer, Michael"]
[Black "Boehmer, Kris"]
[Result "1/2-1/2"]
[WhiteElo "2486"]
[BlackElo "2132"]
[PlyCount "112"]
[GameId "2160767911805628"]
[EventDate "1999.02.19"]
[EventType "swiss"]
[EventRounds "5"]
[EventCountry "CAN"]

1. d4 Nf6 2. c4 e6 3. Nf3 Bb4+ 4. Bd2 Qe7 5. Nc3 b6 6. a3 Bxc3 7. Bxc3 Ne4 8. Qc2 f5 9. e3 O-O 10. Nd2 Bb7 11. Nxe4 fxe4 12. O-O-O d6 13. Be1 Nd7 14. Be2 c5 15. Kb1 d5 16. cxd5 Bxd5 17. Ba6 Qf7 18. Ka1 c4 19. Qa4 b5 20. Bxb5 Nb6 21. Qa5 Qc7 22. Ba6 Rf5 23. g4 Rf3 24. h4 Rb8 25. h5 Qd7 26. Bb5 Qc7 27. Rc1 a6 28. Ba4 Qb7 29. Bd1 Rf7 30. Rb1 Qc6 31. Rh2 Nc8 32. Bb4 Na7 33. Qc5 Qe8 34. g5 Rfb7 35. Bc3 Nb5 36. Ba4 Nxc3 37. Bxe8 Nxb1 38. f3 c3 39. Kxb1 cxb2 40. Qxd5 exd5 41. Bc6 Rc7 42. Bxd5+ Kf8 43. Rxb2 Rxb2+ 44. Kxb2 exf3 45. Bxf3 Rf7 46. Be4 Re7 47. Bxh7 Rxe3 48. Bc2 Rh3 49. Bd1 Rd3 50. Bc2 Rxd4 51. h6 gxh6 52. gxh6 Rh4 53. h7 Ke7 54. Kc3 Kd6 55. Bd3 a5 56. Bf5 Kc5 1/2-1/2

[Event "Kitchener Winter op"]
[Site "Kitchener CAN"]
[Date "1999.02.21"]
[Round "4"]
[White "Benggawan, Amanda"]
[Black "Cohen, David"]
[Result "0-1"]
[WhiteElo "1917"]
[BlackElo "2043"]
[PlyCount "80"]
[GameId "2160767911805629"]
[EventDate "1999.02.19"]
[EventType "swiss"]
[EventRounds "5"]
[EventCountry "CAN"]

1. e4 c6 2. d4 d5 3. exd5 cxd5 4. Bd3 Nc6 5. c3 Nf6 6. Bf4 e6 7. Nd2 Be7 8. h3 Bd7 9. Ngf3 a6 10. O-O b5 11. a3 O-O 12. Ne5 Na5 13. Ndf3 Nc4 14. Qc2 h6 15. Rfe1 Rc8 16. Qe2 Qb6 17. Bb1 Rfd8 18. Qc2 Be8 19. Ng4 Nd6 20. Nxf6+ Bxf6 21. Qh7+ Kf8 22. Be5 Ke7 23. Nh2 Bc6 24. Bxf6+ gxf6 25. Qxh6 Rh8 26. Qf4 Rcg8 27. Ng4 Ne8 28. Bd3 Qc7 29. Qxc7+ Nxc7 30. Re3 Ne8 31. Rae1 Nd6 32. Rf3 Ne4 33. Rfe3 Nd6 34. Kf1 Nc4 35. R3e2 Rxg4 36. Bf5 Rg7 37. Bxe6 fxe6 38. Rxe6+ Kd7 39. Rxf6 Nd2+ 40. Ke2 Ne4 0-1

[Event "Kitchener Winter op"]
[Site "Kitchener CAN"]
[Date "1999.02.21"]
[Round "5"]
[White "Maric, Bosco"]
[Black "Cohen, David"]
[Result "1/2-1/2"]
[WhiteElo "2254"]
[BlackElo "2043"]
[PlyCount "63"]
[GameId "2160767911805630"]
[EventDate "1999.02.19"]
[EventType "swiss"]
[EventRounds "5"]
[EventCountry "CAN"]

1. Nf3 c5 2. c4 Nf6 3. b3 g6 4. Bb2 Bg7 5. g3 O-O 6. Bg2 Nc6 7. O-O d6 8. d4 cxd4 9. Nxd4 Bd7 10. Nc3 a6 11. e4 Qc7 12. Rc1 Nxd4 13. Qxd4 Ne8 14. Qd2 Nf6 15. h3 Rfc8 16. Kh2 Qd8 17. Rfd1 Bc6 18. Qe2 Qe8 19. Re1 Rc7 20. e5 dxe5 21. Bxc6 Rxc6 22. Kg2 Rac8 23. Qxe5 Re6 24. Qf4 Rxe1 25. Rxe1 Qc6+ 26. Qf3 Qxf3+ 27. Kxf3 e6 28. Rd1 Bf8 29. Na4 Be7 30. Nb6 Rd8 31. Rxd8+ Bxd8 32. Bd4 1/2-1/2

[Event "LEO-ch ferme"]
[Site "Hull CAN"]
[Date "1999.05.15"]
[Round "1"]
[White "Gagnon, Fabien"]
[Black "Beaudet, Jean-Luc"]
[Result "1-0"]
[WhiteElo "2029"]
[BlackElo "1810"]
[PlyCount "87"]
[GameId "2160767911805096"]
[EventDate "1999.05.15"]
[EventType "tourn"]
[EventRounds "7"]
[EventCountry "CAN"]

1. d4 d5 2. Nf3 Nf6 3. e3 Bg4 4. c4 e6 5. Nc3 c6 6. cxd5 exd5 7. Be2 Nbd7 8. Ne5 Bxe2 9. Qxe2 Bb4 10. Bd2 Qe7 11. Nd3 Bd6 12. a3 Ne4 13. b4 Nxd2 14. Qxd2 Nb6 15. O-O O-O 16. Rfe1 Nc4 17. Qc2 b5 18. e4 dxe4 19. Rxe4 Qc7 20. Rh4 f5 21. d5 Rae8 22. dxc6 Qxc6 23. Nxb5 Qxb5 24. Qxc4+ Qxc4 25. Rxc4 Re2 26. Re1 Rfe8 27. Rxe2 Rxe2 28. g3 Ra2 29. Rc6 Bf8 30. Ra6 f4 31. gxf4 Rd2 32. Ne5 Rd4 33. Rxa7 Rxf4 34. Ra8 Rd4 35. Kg2 Rd5 36. f4 g5 37. Kf3 gxf4 38. Kxf4 Rd4+ 39. Kf5 Kg7 40. Ra7+ Kg8 41. Rd7 Rh4 42. Ng4 Rh5+ 43. Ke6 Rb5 44. Nf6+ 1-0

[Event "LEO-ch ferme"]
[Site "Hull CAN"]
[Date "1999.05.15"]
[Round "2"]
[White "Van Adel, Steven"]
[Black "Gagnon, Fabien"]
[Result "1/2-1/2"]
[WhiteElo "1968"]
[BlackElo "2029"]
[PlyCount "83"]
[GameId "2160767911805097"]
[EventDate "1999.05.15"]
[EventType "tourn"]
[EventRounds "7"]
[EventCountry "CAN"]

1. e4 c5 2. Nf3 Nc6 3. Bd3 g6 4. c3 Bg7 5. Bc2 d5 6. d3 dxe4 7. dxe4 Qxd1+ 8. Bxd1 Nf6 9. Bc2 Be6 10. Be3 Nd7 11. Nbd2 h6 12. O-O b5 13. Nb3 Bxb3 14. Bxb3 O-O 15. Rad1 Rfd8 16. Rd5 c4 17. Bc2 a6 18. Rfd1 Nf6 19. Rxd8+ Rxd8 20. Rxd8+ Nxd8 21. Bc5 Bf8 22. e5 Nd7 23. Be3 Bg7 24. Be4 g5 25. h4 g4 26. Nd4 e6 27. f4 gxf3 28. Nxf3 f6 29. exf6 Nxf6 30. Bg6 Nc6 31. Nd4 Nd5 32. Nxc6 Nxe3 33. Bh5 Bf6 34. Kf2 Nd5 35. Bg4 Kf7 36. Bh5+ Kf8 37. g3 b4 38. Nxb4 Nxb4 39. cxb4 Bxb2 40. a4 Ba3 41. b5 axb5 42. axb5 1/2-1/2

[Event "LEO-ch ferme"]
[Site "Hull CAN"]
[Date "1999.05.15"]
[Round "3"]
[White "Laurin, Jacques"]
[Black "Gagnon, Fabien"]
[Result "1/2-1/2"]
[WhiteElo "1889"]
[BlackElo "2029"]
[PlyCount "116"]
[GameId "2160767911805098"]
[EventDate "1999.05.15"]
[EventType "tourn"]
[EventRounds "7"]
[EventCountry "CAN"]

1. c4 Nf6 2. Nc3 g6 3. g3 Bg7 4. Bg2 O-O 5. Nf3 d6 6. d4 Nbd7 7. Bf4 Nh5 8. Bg5 h6 9. Be3 e5 10. Qd2 Kh7 11. dxe5 dxe5 12. Rd1 f5 13. Nh4 c6 14. Bh3 Qe7 15. Qc2 Nb6 16. b3 Be6 17. Bg2 Rad8 18. O-O Qf6 19. Bc5 Rfe8 20. e4 f4 21. Nf3 Nc8 22. Ne2 g5 23. h3 Bf8 24. Bxf8 Rxf8 25. Qc3 Rxd1 26. Rxd1 fxg3 27. fxg3 g4 28. hxg4 Bxg4 29. Rf1 Qd6 30. c5 Qe7 31. Qxe5 Qxe5 32. Nxe5 Rxf1+ 33. Kxf1 Bxe2+ 34. Kxe2 Nxg3+ 35. Kf3 Nh5 36. Nf7 b6 37. e5 bxc5 38. Kg4 Ng7 39. Be4+ Kg8 40. Nxh6+ Kf8 41. Bxc6 Ne7 42. Bd7 Ng6 43. e6 Ne5+ 44. Kf4 Nxd7 45. exd7 Ke7 46. Ke5 Kxd7 47. Kd5 Ne6 48. Ng4 Nf4+ 49. Kxc5 Kc7 50. Ne5 Ne6+ 51. Kb5 Kb7 52. Ka5 Nc7 53. b4 Ne6 54. Nd7 Kc6 55. Ka6 Kxd7 56. Kxa7 Kc7 57. a4 Nd4 58. a5 Nc6+ 1/2-1/2

[Event "LEO-ch ferme"]
[Site "Hull CAN"]
[Date "1999.05.15"]
[Round "4"]
[White "Gagnon, Fabien"]
[Black "Cote, Jacques"]
[Result "1/2-1/2"]
[WhiteElo "2029"]
[BlackElo "2083"]
[PlyCount "81"]
[GameId "2160767911805099"]
[EventDate "1999.05.15"]
[EventType "tourn"]
[EventRounds "7"]
[EventCountry "CAN"]

1. e4 e5 2. Nf3 Nc6 3. d4 exd4 4. c3 d5 5. exd5 Qxd5 6. cxd4 Bg4 7. Be2 O-O-O 8. Nc3 Qa5 9. Be3 Nf6 10. O-O Bc5 11. Qd3 Bxf3 12. Qf5+ Kb8 13. dxc5 Bxe2 14. Nxe2 Rd5 15. Qf4 Re8 16. Nc3 Rd3 17. Rfd1 Rxd1+ 18. Rxd1 Qb4 19. Qxb4 Nxb4 20. h3 Kc8 21. Kf1 h6 22. Rd2 Rd8 23. Ke2 Rxd2+ 24. Kxd2 Nbd5 25. g3 Nxc3 26. Kxc3 Nd5+ 27. Kd4 Nxe3 28. fxe3 Kd7 29. g4 Ke6 30. b4 a6 31. h4 g6 32. Ke4 f6 33. Kf4 c6 34. Ke4 f5+ 35. gxf5+ gxf5+ 36. Kf4 Kf6 37. a3 Ke6 38. e4 fxe4 39. Kxe4 Kf6 40. a4 Ke6 41. h5 1/2-1/2

[Event "LEO-ch ferme"]
[Site "Hull CAN"]
[Date "1999.05.15"]
[Round "5"]
[White "Charbonneau, Alain"]
[Black "Gagnon, Fabien"]
[Result "0-1"]
[WhiteElo "2069"]
[BlackElo "2029"]
[PlyCount "42"]
[GameId "2160767911805100"]
[EventDate "1999.05.15"]
[EventType "tourn"]
[EventRounds "7"]
[EventCountry "CAN"]

1. Nf3 c5 2. c4 Nf6 3. Nc3 e6 4. g3 b6 5. e4 d6 6. d4 cxd4 7. Nxd4 Be7 8. Bg2 Bb7 9. O-O Qd7 10. b3 a6 11. e5 dxe5 12. Bxb7 Qxb7 13. Nc2 Nbd7 14. Qe2 O-O 15. Rd1 Rac8 16. Bg5 b5 17. Ne4 Nxe4 18. Bxe7 Rfe8 19. Bb4 Ng5 20. h4 Nf3+ 21. Kf1 Nd4 0-1

[Event "LEO-ch ferme"]
[Site "Hull CAN"]
[Date "1999.05.15"]
[Round "6"]
[White "Gagnon, Fabien"]
[Black "Duquette, Patrick"]
[Result "1/2-1/2"]
[WhiteElo "2029"]
[BlackElo "1873"]
[PlyCount "110"]
[GameId "2160767911805101"]
[EventDate "1999.05.15"]
[EventType "tourn"]
[EventRounds "7"]
[EventCountry "CAN"]

1. d4 Nf6 2. c4 g6 3. Nc3 Bg7 4. e4 d6 5. Be2 O-O 6. Bg5 c5 7. d5 a6 8. a4 h6 9. Bd2 e6 10. Nf3 exd5 11. exd5 Re8 12. O-O Bg4 13. h3 Bxf3 14. Bxf3 b6 15. Qc2 Ra7 16. Rae1 Rae7 17. Rxe7 Rxe7 18. Qc1 Kh7 19. Re1 Nbd7 20. Rxe7 Qxe7 21. Qe1 Qxe1+ 22. Bxe1 h5 23. Bd2 Bh6 24. Bxh6 Kxh6 25. Ne4 Nxe4 26. Bxe4 Ne5 27. b3 f5 28. Bc2 Kg5 29. Kf1 h4 30. Ke2 Kf4 31. Bb1 g5 32. f3 g4 33. fxg4 fxg4 34. hxg4 Nxg4 35. Bh7 Nf6 36. Bg6 Kg3 37. Kf1 Ng4 38. Be4 Ne3+ 39. Kg1 a5 40. Kh1 Nd1 41. Bc2 Ne3 42. Be4 Nf1 43. Kg1 Nd2 44. Bc2 Kf4 45. Kf2 Ne4+ 46. Bxe4 Kxe4 47. g3 h3 48. g4 Kf4 49. g5 h2 50. Kg2 Kxg5 51. Kxh2 Kh4 52. Kg2 Kg4 53. Kf2 Kf4 54. Kg2 Kg4 55. Kh2 Kh4 1/2-1/2

[Event "LEO-ch ferme"]
[Site "Hull CAN"]
[Date "1999.05.15"]
[Round "7"]
[White "Gagnon, Fabien"]
[Black "Lemieux, Richard"]
[Result "1/2-1/2"]
[WhiteElo "2029"]
[BlackElo "1754"]
[PlyCount "89"]
[GameId "2160767911805102"]
[EventDate "1999.05.15"]
[EventType "tourn"]
[EventRounds "7"]
[EventCountry "CAN"]

1. d4 Nf6 2. Nf3 b6 3. e3 Bb7 4. Bd3 e6 5. O-O c5 6. c3 d5 7. Ne5 Nbd7 8. f4 Nxe5 9. fxe5 Nd7 10. Qf3 f5 11. g4 Qg5 12. h3 h5 13. Qf4 Qxf4 14. Rxf4 hxg4 15. hxg4 g6 16. Bd2 Be7 17. Na3 cxd4 18. cxd4 Bg5 19. Rf2 a6 20. Rc1 Nxe5 21. dxe5 d4 22. Rh2 Rxh2 23. Kxh2 dxe3 24. Bxe3 Bxe3 25. Rc7 Rd8 26. Rxb7 Rxd3 27. Nc4 b5 28. Nxe3 Rxe3 29. Rg7 Rxe5 30. Rxg6 Kf7 31. gxf5 Rxf5 32. Rg2 Kf6 33. Rc2 a5 34. Kg3 Ke5 35. Rc6 b4 36. Ra6 Kf6 37. Kg2 Rd5 38. Kf3 Rd2 39. Rxa5 Rxb2 40. Rb5 Rxa2 41. Rxb4 Ra5 42. Kf4 Rf5+ 43. Ke4 Kg5 44. Rb6 e5 45. Rb8 1/2-1/2

[Event "Labour Day op"]
[Site "Halifax CAN"]
[Date "1999.09.06"]
[Round "5"]
[White "Ng, Gary"]
[Black "Leblanc, Stephen"]
[Result "1-0"]
[WhiteElo "1593"]
[BlackElo "1758"]
[PlyCount "123"]
[GameId "2160767911742234"]
[EventDate "1999.09.04"]
[EventType "swiss"]
[EventRounds "8"]
[EventCountry "CAN"]
[SourceTitle "EXT 2002"]
[Source "ChessBase"]
[SourceDate "2001.11.25"]
[SourceVersion "1"]
[SourceVersionDate "2001.11.25"]
[SourceQuality "1"]

1. f4 c5 2. b3 d5 3. Bb2 Nc6 4. Nf3 Nf6 5. e3 Bg4 6. c4 d4 7. Be2 e6 8. a3 dxe3 9. dxe3 Be7 10. Nc3 Qa5 11. Qc2 Bf5 12. Bd3 Bxd3 13. Qxd3 Rd8 14. Qe2 O-O 15. O-O Rd7 16. Rfd1 Rfd8 17. Rxd7 Rxd7 18. Rd1 Qd8 19. Rxd7 Qxd7 20. Qd2 Qxd2 21. Nxd2 a6 22. h3 h5 23. Nce4 Nxe4 24. Nxe4 f6 25. Bc3 Kf7 26. Kf2 e5 27. f5 g6 28. g4 hxg4 29. hxg4 g5 30. a4 Ke8 31. Kf3 Kd7 32. Nd2 Kc7 33. Ke4 Kd6 34. Nf1 Bd8 35. Ng3 Ba5 36. Bb2 Nb4 37. Nh5 Bd8 38. Bc3 Be7 39. Bxb4 cxb4 40. Ng7 Kc6 41. Ne6 b6 42. Nxg5 fxg5 43. Kxe5 Kd7 44. f6 Bc5 45. e4 Ke8 46. Kf5 Kf7 47. e5 Bd4 48. e6+ Kf8 49. Kxg5 Ke8 50. Kg6 Bc5 51. g5 Bd6 52. Kg7 Bf8+ 53. Kg8 Bd6 54. f7+ Ke7 55. f8=Q+ Kxe6 56. Qf6+ Kd7 57. Kf7 Bc5 58. Qe6+ Kc7 59. g6 b5 60. g7 bxa4 61. g8=Q axb3 62. Qgc8# 1-0

[Event "Labour Day op"]
[Site "Halifax CAN"]
[Date "1999.09.06"]
[Round "5"]
[White "Teichmann, Erik"]
[Black "Morariu, Eduard"]
[Result "1-0"]
[WhiteElo "2349"]
[BlackElo "1274"]
[PlyCount "73"]
[GameId "2160767911742235"]
[EventDate "1999.09.04"]
[EventType "swiss"]
[EventRounds "8"]
[EventCountry "CAN"]
[SourceTitle "EXT 2002"]
[Source "ChessBase"]
[SourceDate "2001.11.25"]
[SourceVersion "1"]
[SourceVersionDate "2001.11.25"]
[SourceQuality "1"]

1. d4 e6 2. Nd2 d5 3. e3 Nd7 4. Bd3 g6 5. Ngf3 Bg7 6. e4 Ne7 7. O-O O-O 8. Re1 c6 9. c3 Qc7 10. e5 c5 11. Nf1 h6 12. Ne3 h5 13. Ng5 Qb6 14. Nc2 c4 15. Bf1 Qd8 16. g4 hxg4 17. Ne3 Re8 18. Qxg4 Nf8 19. b3 cxb3 20. axb3 Nf5 21. Bd3 Nh7 22. Ng2 Bh6 23. Nxf7 Kxf7 24. Bxh6 Rg8 25. Bd2 Bd7 26. Kh1 Qf8 27. Rg1 Qg7 28. Nf4 g5 29. Nxe6 Bxe6 30. Bxf5 Bxf5 31. Qxf5+ Ke7 32. c4 Raf8 33. Bb4+ Kd8 34. Qe6 Rxf2 35. Ba5+ b6 36. Bxb6+ axb6 37. Ra8+ 1-0

[Event "Labour Day op"]
[Site "Victoria CAN"]
[Date "1999.09.04"]
[Round "1"]
[White "Kostadinov, George"]
[Black "Beddoes, Richard"]
[Result "1-0"]
[WhiteElo "2145"]
[BlackElo "1525"]
[PlyCount "49"]
[GameId "2160767911742236"]
[EventDate "1999.09.04"]
[EventType "swiss"]
[EventRounds "6"]
[EventCountry "CAN"]
[SourceTitle "EXT 2022"]
[Source "ChessBase"]
[SourceDate "2021.10.06"]
[SourceVersion "1"]
[SourceVersionDate "2021.10.06"]
[SourceQuality "1"]

1. d4 Nf6 2. Bg5 e6 3. e4 Be7 4. Bxf6 Bxf6 5. Nf3 d6 6. Nbd2 O-O 7. e5 dxe5 8. dxe5 Be7 9. Bd3 b6 10. Be4 c6 11. h4 h6 12. Qe2 Ba6 13. c4 Nd7 14. O-O-O Qc7 15. Bc2 b5 16. Qe4 g6 17. h5 Nc5 18. Qg4 g5 19. b4 f5 20. exf6 Bxf6 21. bxc5 Qa5 22. Qxe6+ Kh8 23. Ne5 Qa3+ 24. Kb1 Rae8 25. Rh3 1-0

[Event "Labour Day op"]
[Site "Victoria CAN"]
[Date "1999.09.04"]
[Round "1"]
[White "Scoones, Dan"]
[Black "Hansen, Ryan"]
[Result "1-0"]
[WhiteElo "2284"]
[BlackElo "1762"]
[PlyCount "51"]
[GameId "2160767911742237"]
[EventDate "1999.09.04"]
[EventType "swiss"]
[EventRounds "6"]
[EventCountry "CAN"]
[SourceTitle "EXT 2022"]
[Source "ChessBase"]
[SourceDate "2021.10.06"]
[SourceVersion "1"]
[SourceVersionDate "2021.10.06"]
[SourceQuality "1"]

1. e4 e6 2. d4 a6 3. c4 d5 4. Nc3 Bb4 5. a3 Bxc3+ 6. bxc3 Ne7 7. Bd3 dxc4 8. Bxc4 b5 9. Bd3 Bb7 10. Nf3 Nd7 11. O-O c5 12. a4 c4 13. Bc2 Nf6 14. Re1 h6 15. Ba3 O-O 16. Rb1 Re8 17. axb5 axb5 18. Bxe7 Rxe7 19. Rxb5 Ra3 20. Qc1 Qa8 21. Qb2 Ne8 22. Rb1 Ra7 23. Nd2 Ba6 24. Rb4 Reb7 25. Nxc4 Bxc4 26. Rxb7 1-0

[Event "Labour Day op"]
[Site "Victoria CAN"]
[Date "1999.09.04"]
[Round "1"]
[White "Small, Hugh"]
[Black "Moore, Harry"]
[Result "1/2-1/2"]
[WhiteElo "1691"]
[BlackElo "2252"]
[PlyCount "57"]
[GameId "2160767911742238"]
[EventDate "1999.09.04"]
[EventType "swiss"]
[EventRounds "6"]
[EventCountry "CAN"]
[SourceTitle "EXT 2022"]
[Source "ChessBase"]
[SourceDate "2021.10.06"]
[SourceVersion "1"]
[SourceVersionDate "2021.10.06"]
[SourceQuality "1"]

1. d4 d6 2. Nf3 c6 3. e3 Nf6 4. Nbd2 g6 5. b3 Bg7 6. Bb2 O-O 7. Be2 Nbd7 8. O-O b5 9. a4 b4 10. Re1 d5 11. Ne5 Nxe5 12. dxe5 Nd7 13. f4 f6 14. Nf3 fxe5 15. Nxe5 Nxe5 16. Bxe5 Bxe5 17. fxe5 e6 18. Rf1 Rxf1+ 19. Bxf1 Qc7 20. Qd4 c5 21. Qf4 Bb7 22. Qf6 Qd7 23. Bb5 Qf7 24. Rf1 Rf8 25. Qg5 Qg7 26. Rxf8+ Qxf8 27. h4 Qf7 28. Qd8+ Qf8 29. Qc7 1/2-1/2

[Event "Labour Day op"]
[Site "Victoria CAN"]
[Date "1999.09.04"]
[Round "2"]
[White "Chranowski, Rick"]
[Black "Kostadinov, George"]
[Result "0-1"]
[WhiteElo "1894"]
[BlackElo "2145"]
[PlyCount "66"]
[GameId "2160767911742239"]
[EventDate "1999.09.04"]
[EventType "swiss"]
[EventRounds "6"]
[EventCountry "CAN"]
[SourceTitle "EXT 2022"]
[Source "ChessBase"]
[SourceDate "2021.10.06"]
[SourceVersion "1"]
[SourceVersionDate "2021.10.06"]
[SourceQuality "1"]

1. Nc3 d5 2. e4 d4 3. Nce2 c5 4. f4 Nc6 5. Nf3 Nf6 6. Ng3 h5 7. d3 h4 8. Ne2 Bg4 9. Neg1 Nh5 10. Be2 f5 11. e5 Qd5 12. c4 dxc3 13. bxc3 O-O-O 14. c4 Qd7 15. Qa4 e6 16. Be3 Kb8 17. Qb3 b6 18. Rd1 g5 19. fxg5 f4 20. Bf2 Bf5 21. Nxh4 Nxe5 22. Nxf5 exf5 23. d4 cxd4 24. Bxd4 Qxd4 25. Rxd4 Rxd4 26. Qb5 Re4 27. Nh3 Bb4+ 28. Kf1 Bd2 29. Bxh5 Rxh5 30. Qe8+ Kc7 31. Qxh5 Re1+ 32. Kf2 Nd3+ 33. Kf3 Re3# 0-1

[Event "Labour Day op"]
[Site "Victoria CAN"]
[Date "1999.09.04"]
[Round "2"]
[White "Moisseev, Dmitri"]
[Black "Scoones, Dan"]
[Result "0-1"]
[WhiteElo "1971"]
[BlackElo "2284"]
[PlyCount "60"]
[GameId "2160767911742240"]
[EventDate "1999.09.04"]
[EventType "swiss"]
[EventRounds "6"]
[EventCountry "CAN"]
[SourceTitle "EXT 2022"]
[Source "ChessBase"]
[SourceDate "2021.10.06"]
[SourceVersion "1"]
[SourceVersionDate "2021.10.06"]
[SourceQuality "1"]

1. c4 Nf6 2. Nc3 c5 3. g3 e6 4. e3 d5 5. cxd5 Nxd5 6. Bg2 Nb4 7. d4 cxd4 8. exd4 Qxd4 9. Be3 Qxd1+ 10. Kxd1 a6 11. a3 N4c6 12. Na4 Nd7 13. Rc1 Be7 14. Rxc6 bxc6 15. Bxc6 Rb8 16. Ba7 Bb7 17. Bxd7+ Kxd7 18. Nb6+ Kc7 19. f3 Rbd8+ 20. Ke2 Bc6 21. Nc4 Bb5 22. b3 Bxc4+ 23. bxc4 Kb7 24. Be3 Rc8 25. Nh3 Rxc4 26. Rb1+ Ka8 27. Rb6 Ra4 28. Nf4 Rxa3 29. Nxe6 fxe6 30. Rxe6 Bf6 0-1

[Event "Labour Day op"]
[Site "Victoria CAN"]
[Date "1999.09.05"]
[Round "3"]
[White "Allan, Phillip"]
[Black "Moore, Harry"]
[Result "0-1"]
[WhiteElo "2002"]
[BlackElo "2252"]
[PlyCount "82"]
[GameId "2160767911742241"]
[EventDate "1999.09.04"]
[EventType "swiss"]
[EventRounds "6"]
[EventCountry "CAN"]
[SourceTitle "EXT 2022"]
[Source "ChessBase"]
[SourceDate "2021.10.06"]
[SourceVersion "1"]
[SourceVersionDate "2021.10.06"]
[SourceQuality "1"]

1. e4 c5 2. Nf3 d6 3. d4 cxd4 4. Nxd4 Nf6 5. Nc3 g6 6. Be2 Bg7 7. O-O O-O 8. Be3 Nc6 9. Nb3 Be6 10. f4 Qc8 11. h3 a5 12. a3 a4 13. Nd4 Nxd4 14. Bxd4 Bc4 15. Be3 Bxe2 16. Qxe2 Nh5 17. Nd5 Qd8 18. Qd3 e6 19. Bb6 Qd7 20. Nc3 Qc6 21. Be3 Rfc8 22. Bd2 Qb6+ 23. Kh2 Qxb2 24. e5 Nxf4 25. Bxf4 Rxc3 26. Qxd6 Rxc2 27. Rg1 Rc6 28. Rab1 Rxd6 29. Rxb2 Rd4 30. Bg3 Rd3 31. Rxb7 Rxa3 32. Rf1 Rf8 33. Ra7 g5 34. Re1 h6 35. Re4 Rd8 36. h4 Rdd3 37. Be1 Re3 38. Rxe3 Rxe3 39. Bg3 gxh4 40. Bxh4 Bxe5+ 41. Kg1 Re4 0-1

[Event "Labour Day op"]
[Site "Victoria CAN"]
[Date "1999.09.05"]
[Round "3"]
[White "Ferguson, Jim"]
[Black "Carlisle, Michael"]
[Result "1-0"]
[WhiteElo "2215"]
[BlackElo "2129"]
[PlyCount "29"]
[GameId "2160767911742242"]
[EventDate "1999.09.04"]
[EventType "swiss"]
[EventRounds "6"]
[EventCountry "CAN"]
[SourceTitle "EXT 2022"]
[Source "ChessBase"]
[SourceDate "2021.10.06"]
[SourceVersion "1"]
[SourceVersionDate "2021.10.06"]
[SourceQuality "1"]

1. e4 e6 2. d4 d5 3. e5 c5 4. Nf3 cxd4 5. Bd3 Nc6 6. O-O f6 7. Qe2 fxe5 8. Nxe5 Nf6 9. Bb5 Qc7 10. Bg5 Ke7 11. Bxc6 bxc6 12. Re1 Qb7 13. Qh5 Qxb2 14. Qf7+ Kd6 15. Nd3 1-0